Family Guy TV Parodies Quiz Stats

 Plays Quiz Updated Jan 28, 2013

Challenge
Share
Tweet
Score 0/25 Timer 08:00
0 Plays Today
Number TV Show % Correct
The Flintstones
90%
Wheel of Fortune
80%
American Idol
78.7%
Jeopardy!
77.2%
The Late Show with David Letterman
75.1%
King of the Hill
74.9%
The A-Team
72.3%
The Price Is Right
68.3%
Law & Order
66.6%
The Muppet Show
60.7%
Roseanne
56.2%
Jackass
54.9%
Kids Say the Darndest Things
45.8%
Number TV Show % Correct
The Tracey Ullman Show
43.6%
Pee-wee's Playhouse
42.6%
Family Ties
42%
All in the Family
41%
Schoolhouse Rock! (I'm Just a Bill)
38.2%
Saturday Night Live
36.4%
The All-New Super Friends Hour
30.7%
Doctor Who
27.7%
M*A*S*H
24.7%
The Electric Company
24%
MADtv
15.1%
The Incredible Hulk
7.9%

You're not logged in!

Compare scores with friends on all Sporcle quizzes.
Join for Free
OR
Log In

You Might Also Like...

Show Comments

Extras

Top Quizzes Today


Score Distribution

Your Account Isn't Verified!

In order to create a playlist on Sporcle, you need to verify the email address you used during registration. Go to your Sporcle Settings to finish the process.

Report this User

Report this user for behavior that violates our Community Guidelines.

Details: